Normal view
MARC view
Entry Personal Name
001 - CONTROL NUMBER
- control field: 250732
003 - CONTROL NUMBER IDENTIFIER
- control field: OSt
005 - DATE AND TIME OF LATEST TRANSACTION
- control field: 20260108110735.0
008 - FIXED-LENGTH DATA ELEMENTS
- fixed length control field: 260108|| aca||aabn | a|a d
040 ## - CATALOGING SOURCE
- Original cataloging agency: OSt
- Transcribing agency: OSt
100 ## - HEADING--PERSONAL NAME
- Personal name: Vatsyayan
670 ## - SOURCE DATA FOUND
- Source citation: Work cat.: (OSt)81945: Vatsyayan, Industrial psychology, 1973